[Event "Baltic Zonal III Stage 2018"]
[Site "Liepaja"]
[Date "2018.07.11"]
[Round "4"]
[White "Vicas, Marijus"]
[Black "Kveinys, Aloyzas"]
[Result "1-0"]
[WhiteElo "2183"]
[BlackElo "2537"]
[Annotator "RC"]
[PlyCount "45"]
[EventDate "2018.07.09"]
[EventType "swiss"]
[EventCountry "LAT"]
[SourceTitle "playchess.com"]
[Source "ChessBase"]
[SourceQuality "1"]
[TimeControl "5400+30"]

1. e4 {[%emt 0:00:00]} c5 {[%emt 0:00:00]} 2. Nf3 {[%emt 0:00:00]} Nc6 {[%emt 0:00:30]} 3. d4 {[%emt 0:00:25]} cxd4 {[%emt 0:00:21]} 4. Nxd4 {[%emt 0:00:05]} Qb6 {[%emt 0:02:19]} 5. Nb3 {[%emt 0:00:13]} Nf6 {[%emt 0:00:21]} 6. Nc3 {[%emt 0:01:03]} e6 {[%emt 0:00:14]} 7. Bd3 {[%emt 0:02:38]} a6 {[%emt 0:00:43]} 8. Be3 {[%emt 0:00:48]} Qc7 {[%emt 0:00:14]} 9. O-O {[%emt 0:00:12]} b5 {[%emt 0:05:30]} 10. f4 {[%emt 0:05:24]} d6 {[%emt 0:01:25]} 11. Qf3 {[%emt 0:02:01]} Bb7 {[%emt 0:00:51]} 12. a3 {[%emt 0:03:54]} Be7 {[%emt 0:01:15]} 13. Rae1 {[%emt 0:03:29]} O-O {[%emt 0:09:51]} 14. Qh3 {[%emt 0:01:07]} Rad8 {[%emt 0:05:55]} 15. g4 {[%emt 0:08:14]} b4 {[%emt 0:13:49]} 16. g5 {[%emt 0:11:53]} bxc3 {[%emt 0:03:59]} 17. gxf6 {[%emt 0:18:14]} gxf6 {[%emt 0:00:23]} 18. Rf3 {[%emt 0:06:16]} Kh8 {[%emt 0:00:56]} 19. Kf2 {[%emt 0:04:42]} Rg8 {[%emt 0:00:20]} 20. Rg3 {[%emt 0:02:03]} Rg6 {[%emt 0:03:48]} 21. Reg1 {[%emt 0:12:45]} Rdg8 {[%emt 0:04:59]} 22. f5 {[%emt 0:00:05]} exf5 {[%emt 0:00:11]} 23. Qxh7+ {[%emt 0:00:20]} 1-0

[Event "Baltic Zonal III Stage 2018"]
[Site "Liepaja"]
[Date "2018.07.12"]
[Round "5"]
[White "Kulaots, Kaido"]
[Black "Pultinevicius, Paulius"]
[Result "1-0"]
[WhiteElo "2555"]
[BlackElo "2422"]
[Annotator "RC"]
[PlyCount "51"]
[EventDate "2018.07.09"]
[EventType "swiss"]
[EventCountry "LAT"]
[SourceTitle "playchess.com"]
[Source "ChessBase"]
[SourceQuality "1"]
[TimeControl "5400+30"]

1. c4 {[%emt 0:00:00]} Nf6 {[%emt 0:00:45]} 2. Nc3 {[%emt 0:00:00]} c5 {[%emt 0:00:05]} 3. Nf3 {[%emt 0:00:04]} d5 {[%emt 0:01:48]} 4. cxd5 {[%emt 0:00:11]} Nxd5 {[%emt 0:00:04]} 5. e3 {[%emt 0:01:01]} Nxc3 {[%emt 0:01:44]} 6. dxc3 {[%emt 0:00:34]} Qc7 {[%emt 0:05:10]} 7. e4 {[%emt 0:01:24]} e6 {[%emt 0:03:11]} 8. Qd2 {[%emt 0:01:11]} Nc6 {[%emt 0:01:10]} 9. Qg5 {[%emt 0:02:23]} h6 {[%emt 0:00:21]} 10. Qg3 {[%emt 0:00:40]} Qxg3 {[%emt 0:01:52]} 11. hxg3 {[%emt 0:00:31]} Bd7 {[%emt 0:09:11]} 12. Be3 {[%emt 0:04:54]} Be7 {[%emt 0:04:51]} 13. O-O-O {[%emt 0:03:38]} O-O-O {[%emt 0:00:21]} 14. g4 {[%emt 0:12:41]} e5 {[%emt 0:11:41]} 15. Bc4 {[%emt 0:03:38]} f6 {[%emt 0:11:05]} 16. Nh4 {[%emt 0:02:56]} Bxg4 {[%emt 0:00:30]} 17. f3 {[%emt 0:00:21]} Rxd1+ {[%emt 0:03:42]} 18. Rxd1 {[%emt 0:00:32]} Bd7 {[%emt 0:04:30]} 19. Ng6 {[%emt 0:00:14]} Rd8 {[%emt 0:00:20]} 20. Nxe7+ {[%emt 0:07:22]} Nxe7 {[%emt 0:00:14]} 21. Bxc5 {[%emt 0:00:08]} Nc6 {[%emt 0:00:17]} 22. b4 {[%emt 0:02:29]} Re8 {[%emt 0:03:02]} 23. b5 {[%emt 0:06:34]} Na5 {[%emt 0:01:52]} 24. Bf7 {[%emt 0:00:13]} Rh8 {[%emt 0:00:02]} 25. Bxa7 {[%emt 0:01:36]} Bxb5 {[%emt 0:01:58]} 26. Rd5 {[%emt 0:01:34]} 1-0

[Event "Baltic Zonal III Stage 2018"]
[Site "Liepaja"]
[Date "2018.07.12"]
[Round "5"]
[White "Kveinys, Aloyzas"]
[Black "Neiksans, Arturs"]
[Result "1/2-1/2"]
[WhiteElo "2537"]
[BlackElo "2567"]
[Annotator "TA"]
[PlyCount "169"]
[EventDate "2018.07.09"]
[EventType "swiss"]
[EventCountry "LAT"]
[SourceTitle "playchess.com"]
[Source "ChessBase"]
[SourceQuality "1"]

{[%evp 16,169,10,17,8,8,0,-25,-15,-15,-10,-25,-18,-15,-27,-25,-25,-40,-47,-45,-32,-22,-34,-32,-26,-25,-14,-19,-26,-33,-14,-102,-29,-54,-56,-55,-51,-67,-53,-67,-33,-83,-77,-77,-72,-84,-66,-70,-58,-62,-43,-53,-30,-30,-30,-56,-11,-18,-18,-22,0,0,0,0,0,0,0,0,66,16,66,41,94,83,89,62,111,5,8,0,20,14,113,113,145,120,154,152,144,145,136,131,153,183,232,186,302,302,286,257,1041,152,1093,1083,900,821,1087,1075,952,0,1003,973,839,66,68,67,66,73,701,147,291,273,725,499,483,147,147,147,147,147,147,147,4612,3326,3793,3602,2366,2369,2347,2062,1657,1533,1480,1386,1160,0,0,0,0,0,0,0,0,0,8,0]} 1. d4 Nf6 2. c4 e6 3. Nc3 Bb4 4. e3 O-O 5. Bd3 d5 6. cxd5 exd5 7. Nge2 Re8 8. O-O Bf8 9. Qc2 {LiveBook: 10 Partien. E48: Nimzoindisch (Moderne Variante)} (9. Bd2 b6 10. Nf4 Bb7 11. Qf3 a6 12. Rad1 Ra7 13. Bc2 c5 14. dxc5 bxc5 15. Qh3 g6 16. Nce2 Bc6 {0-1 (37) Navara,D (2735)-Inarkiev,E (2686) Gjakova 2016 CBM 173 [Besenthal,K]}) 9... g6 10. Nf4 $146 ({Vorgänger:} 10. a3 Nc6 11. f3 Bg7 12. Kh1 b6 13. Bd2 Bb7 14. Rae1 a6 15. b4 Re7 {½-½ (84) Torre,E (2565)-Speelman,J (2495) London 1984}) 10... Nc6 11. Qb3 {[%cal Rf4d5]} Nb4 12. Bb1 c6 13. Bd2 b6 14. a3 Na6 $1 15. Bd3 Nc7 16. Rac1 c5 17. dxc5 bxc5 {Und ...c4 würde nun gewinnen.} 18. Be2 c4 19. Qd1 Rb8 20. Na4 Ne6 21. Nxe6 fxe6 22. Bc3 Bd7 23. Bf3 (23. Bxf6 $1 $11 Qxf6 24. Rxc4 $1 {[%mdl 512]}) 23... Rb3 ({Lieber} 23... Bd6 $17 24. Re1 Qe7) 24. Qd4 Bxa4 25. Qxf6 Qxf6 26. Bxf6 {Weiss will Ld1 spielen.} Rb5 27. Bc3 Bg7 28. Bd1 Bxd1 29. Rfxd1 Bxc3 30. bxc3 $17 {[%mdl 4096] Endspiel KTT-KTT} Ra5 31. e4 Rxa3 32. exd5 exd5 33. g3 Rd8 (33... Re5 {keeps more tension.} 34. Kg2 Ra2 35. Ra1 Rc2 36. Rdc1 Ree2) 34. Ra1 $1 {[%cal Ra1a3]} Rxa1 (34... Rxc3 35. Rxa7 Rf3 36. Rc7 $15) 35. Rxa1 $11 {KT-KT} Rd7 36. Kf1 Kf7 37. Ra6 Rb7 38. Ke2 Re7+ 39. Kd2 Ke8 40. Ra5 Rd7 41. Ke3 Ke7 (41... Re7+ $11 42. Kd4 Re2) 42. Ra6 {[%mdl 1024] Weiss hat Kompensation.} Kf7 43. Kd4 Ke7 ({Besser ist} 43... h5 $14) 44. f4 Kf7 45. g4 Ke7 46. g5 (46. Ra5 $1 $16) 46... Kf7 47. h4 Kg7 48. Ke5 Kg8 (48... Rf7 $11 {bleibt in der Remisbreite.}) 49. Ra5 $1 $16 Rf7 50. Rxd5 Kg7 51. Ke4 Re7+ 52. Re5 Rc7 53. Ra5 h6 54. Ra4 hxg5 55. hxg5 Rf7 (55... Rb7 $142 56. Rxc4 a5) 56. Rxc4 $18 a5 57. Kd3 $1 {[%cal Rd3c2]} Rf5 $2 (57... Rd7+ 58. Kc2 Kg8 59. Rc8+ Kf7) 58. Kc2 $2 (58. Rc7+ $1 $18 Kg8 59. Ke4) 58... Rb5 $2 (58... Kg8 $16 59. Re4 Rf8) 59. Rc7+ Kf8 60. Kd3 Rb1 61. Ra7 Rb5 62. Rc7 $2 (62. Ra6 $18 Kg7 63. c4) 62... Rf5 $2 {[%mdl 8192]} (62... Rb1 $11) 63. Ke4 Rb5 64. Rd7 $2 (64. c4 $18 Rf5 65. Rc6) 64... Rc5 $1 $14 65. Kd3 Rf5 $1 66. Rd4 Rc5 $2 {[%mdl 8192]} (66... Ke7 $16) 67. Re4 $2 (67. Rd6 $18 Kg7 68. c4) 67... Rc7 (67... Rd5+ $16 68. Kc2 Rc5) 68. Re6 $18 Kf7 $2 (68... Ra7 69. Rxg6 a4) 69. Rf6+ Kg7 70. c4 $2 (70. Ra6 $18 {ist der präzise Gewinnweg.} Rd7+ 71. Kc2) 70... Ra7 $16 71. c5 {[%cal Bc4c5,Bc5c6][%mdl 32] c6 ist eine echte Drohung.} a4 {Weiss muss nun ...a3 beachten.} 72. Kc2 $1 a3 {Droht stark ...a2.} 73. Kb1 Ra4 $2 {[%mdl 8192]} (73... Ra5 $16) 74. Ka2 $18 Rc4 75. c6 Rc3 76. Re6 $1 {[%cal Re6d6]} ({Weniger gut wäre} 76. Rd6 Kf7 $18) 76... Kf7 77. Rd6 $1 {[%cal Rd6f6]} Rf3 78. Rd7+ $1 Ke6 {[#]} 79. Rd8 $1 Rc3 {[#]} 80. Rc8 $2 (80. Rf8 $1 $18 {[%cal Rf8f6]} Ke7 81. Rf6) 80... Kf7 $11 {Die Stellung ist ausgeglichen.} 81. Rc7+ (81. c7 $5 {[%cal Rc8h8]} Kg7 82. Rb8 Rxc7 83. Kxa3 $14) 81... Kg8 82. Kb1 Kh8 83. Ka2 Kg8 84. Kb1 Kh8 85. Ka2 {Precision: Weiß = 54%, Schwarz = 31%.} 1/2-1/2

[Event "Baltic Zonal III Stage 2018"]
[Site "Liepaja"]
[Date "2018.07.12"]
[Round "5"]
[White "Sulskis, Sarunas"]
[Black "Kantans, Toms"]
[Result "1-0"]
[WhiteElo "2507"]
[BlackElo "2529"]
[Annotator "TA"]
[PlyCount "49"]
[EventDate "2018.07.09"]
[EventType "swiss"]
[EventCountry "LAT"]
[SourceTitle "playchess.com"]
[Source "ChessBase"]
[SourceQuality "1"]

{[%evp 15,49,0,21,14,23,26,52,19,16,18,43,14,22,22,22,24,15,23,26,24,37,40,32,42,47,47,56,52,64,52,61,55,127,127,337,337]} 1. e4 c5 2. Nf3 d6 3. d4 cxd4 4. Nxd4 Nf6 5. Nc3 a6 6. Be3 Ng4 7. Bc1 Nf6 8. Bc4 Qc7 {LiveBook: 8 Games} 9. Qe2 {B90: Sicilian Najdorf: Unusual White 6th moves, 6 Be3 Ng4 and 6 Be3 e5} e5 10. Nf5 Be6 11. Ne3 $146 {White is slightly better.} (11. Bb3 {is more complex.} h6 12. Qf3 Nbd7 13. O-O Nc5 14. Nxh6 Nxb3 15. axb3 Qd7 16. h3) ({Predecessor:} 11. Bb3 Nbd7 12. Bg5 Rc8 13. O-O-O g6 14. Ne3 Be7 15. Kb1 O-O 16. h4 Qd8 {1-0 (27) Mousavi,S (2456)-Kantans,T (2524) Teheran 2017}) 11... Nc6 {[%cal Bb8c6,Bc6b4,Bb4d3][%mdl 32]} 12. O-O Rc8 {[#] ...Nd4 is the strong threat.} 13. Ned5 Nxd5 14. Nxd5 (14. exd5 $2 Nd4 $17) 14... Bxd5 15. Bxd5 Nb4 16. c4 Be7 17. Be3 {[%cal Bc1e3,Be3b6,Bb6d8][%mdl 32]} O-O 18. Qg4 Rfd8 19. Rfc1 Qd7 20. h3 {[%cal Bh2h3,Bh3g4][%mdl 32]} Nd3 21. Rc3 Nb4 22. Bb6 $36 {[%mdl 2048] White fights for an advantage.} Qxg4 23. hxg4 Nxd5 (23... Rf8 $14) 24. cxd5 $16 Rxc3 $2 {[#]} (24... Re8 $16) 25. Bxd8 {Precision: White = 89%, Black = 49%.} 1-0

[Event "Baltic Zonal III Stage 2018"]
[Site "Liepaja"]
[Date "2018.07.12"]
[Round "5"]
[White "Laurusas, Tomas"]
[Black "Seeman, Tarvo"]
[Result "1-0"]
[WhiteElo "2465"]
[BlackElo "2414"]
[Annotator "TA"]
[PlyCount "115"]
[EventDate "2018.07.09"]
[EventType "swiss"]
[EventCountry "LAT"]
[SourceTitle "playchess.com"]
[Source "ChessBase"]
[SourceQuality "1"]

{[%evp 22,115,52,52,62,60,88,67,85,83,82,64,88,86,80,45,68,0,5,0,29,6,27,34,29,25,47,51,65,0,41,34,35,25,21,22,79,79,47,41,91,91,93,89,103,103,103,123,150,124,119,97,89,84,163,141,158,136,153,142,186,80,184,184,184,178,177,165,1197,640,626,613,29975,29976,29976,29977,29977,29978,29978,29979,29981,29981,29981,29981,29981,29982,29982,29983,29983,29984,29984,29985,29985,29981,29981,29981]} 1. d4 {Bulletin} Nf6 2. c4 g6 3. Nf3 Bg7 4. g3 O-O 5. Bg2 d6 6. O-O Nbd7 7. Nc3 e5 8. Qc2 Re8 9. Rd1 Qe7 10. b3 c6 11. e4 a5 {E68: King's Indian: Fianchetto: 6...Nbd7 7 0-0 e5 8 e4} (11... exd4 12. Nxd4 Nc5 13. f3 Nfd7 14. Nce2 a5 15. Bb2 a4 16. Bc3 Ne5 17. h3 h5 18. Rab1 Bh6 19. Bd2 axb3 20. axb3 Bg7 21. Kh2 Ra3 {1-0 (44) Khismatullin,D (2667)-Kokarev,D (2629) Izhevsk 2010}) 12. d5 {LiveBook: 5 Games} cxd5 13. cxd5 Rb8 $146 {White is slightly better.} ({Predecessor:} 13... Nc5 14. Be3 Bd7 15. Bxc5 dxc5 16. Nd2 Reb8 17. a4 Ne8 18. Bf1 Nd6 19. Nc4 {1-0 (56) Matlak,M (2465)-Kempinski,R (2435) Warsaw 1995 EXT 1999 [Bulletin]}) 14. Bf1 Nc5 15. Nd2 Bd7 16. a4 Rec8 {Black wants to play ...Ncxe4!} 17. Nc4 b6 18. Re1 Ne8 19. f4 ({Better is} 19. Be3 $14) 19... f5 20. fxe5 dxe5 21. d6 Nxd6 22. Nd5 Qe6 {[%cal Rd6e4]} 23. Ndxb6 Rc6 24. Nxd6 Nxb3 25. exf5 (25. Bc4 $14 Rxc4 26. Qxc4 (26. Qxb3 Rc6 $11) 26... Rxb6 27. Rb1) 25... gxf5 26. Bc4 Rxc4 $1 27. Qxc4 Rxb6 28. Rb1 Rb4 {[#]} (28... Rxd6 $11 29. Qxb3 Qxb3 30. Rxb3 Rd5) 29. Qxe6+ $1 $16 Bxe6 30. Rf1 Rxa4 31. Nxf5 Bf8 32. Bh6 {aiming for Bxf8.} Bc5+ 33. Be3 Bxe3+ 34. Nxe3 Re4 35. Rf6 Nd4 {[#]} 36. Nc2 $1 {Black must now prevent Rb7.} Kg7 37. Rf2 {Threatens to win with Rb7+.} a4 (37... Ne2+ $16 38. Kg2 Bd5) 38. Nxd4 exd4 $18 {[%mdl 4096] Endgame KRR-KRB} 39. Rb7+ Kg6 40. Rb6 Re1+ 41. Rf1 (41. Kg2 $18 {and the rest is easy.}) 41... Re2 (41... Re3 $16) 42. Ra1 d3 43. Rd6 ({Resist} 43. Rxa4 $6 d2 $14) 43... d2 44. Kf1 Rxh2 $2 (44... Re4 45. Rxd2 h5) 45. Rxe6+ Kf5 46. Kg1 Kxe6 47. Kxh2 {KR-K3P. White mates.} a3 48. Rd1 a2 49. Kg2 Kf5 50. Kf3 h5 51. Ra1 Kg5 52. Rh1 Kg6 53. Kf4 Kf6 54. Ra1 Kg6 55. Ke3 Kg5 56. Kxd2 Kg4 57. Ke2 Kxg3 58. Kf1 {Precision: White = 79%, Black = 40%.} 1-0

[Event "Baltic Zonal III Stage 2018"]
[Site "Liepaja"]
[Date "2018.07.12"]
[Round "5"]
[White "Kanep, Meelis"]
[Black "Ladva, Ottomar"]
[Result "1/2-1/2"]
[WhiteElo "2440"]
[BlackElo "2498"]
[Annotator "RC"]
[PlyCount "23"]
[EventDate "2018.07.09"]
[EventType "swiss"]
[EventCountry "LAT"]
[SourceTitle "playchess.com"]
[Source "ChessBase"]
[SourceQuality "1"]
[TimeControl "5400+30"]

1. d4 {[%emt 0:00:00]} Nf6 {[%emt 0:00:00]} 2. c4 {[%emt 0:00:27]} e6 {[%emt 0:00:00]} 3. Nf3 {[%emt 0:00:18]} d5 {[%emt 0:00:03]} 4. Nc3 {[%emt 0:00:13]} c5 {[%emt 0:01:43]} 5. cxd5 {[%emt 0:00:23]} Nxd5 {[%emt 0:00:03]} 6. e4 {[%emt 0:00:24]} Nxc3 {[%emt 0:00:06]} 7. bxc3 {[%emt 0:00:05]} cxd4 {[%emt 0:00:03]} 8. cxd4 {[%emt 0:00:06]} Bb4+ {[%emt 0:00:02]} 9. Bd2 {[%emt 0:00:08]} Bxd2+ {[%emt 0:00:04]} 10. Qxd2 {[%emt 0:00:08]} O-O {[%emt 0:00:04]} 11. Bc4 {[%emt 0:00:09]} Nd7 {[%emt 0:00:52]} 12. O-O {[%emt 0:00:24]} 1/2-1/2

[Event "Baltic Zonal III Stage 2018"]
[Site "Liepaja"]
[Date "2018.07.12"]
[Round "5"]
[White "Bernotas, Arturs"]
[Black "Klabis, Rokas"]
[Result "1/2-1/2"]
[WhiteElo "2413"]
[BlackElo "2347"]
[Annotator "NA"]
[PlyCount "129"]
[EventDate "2018.07.09"]
[EventType "swiss"]
[EventCountry "LAT"]
[SourceTitle "playchess.com"]
[Source "ChessBase"]
[SourceQuality "1"]
[TimeControl "5400+30"]

1. e4 {[%emt 0:08:37]} e5 {[%emt 0:00:00]} 2. Nf3 {[%emt 0:00:10]} Nc6 {[%emt 0:00:00]} 3. d4 {[%emt 0:00:12]} exd4 {[%emt 0:00:00]} 4. Nxd4 {[%emt 0:00:10]} Nf6 {[%emt 0:00:10]} 5. Nxc6 {[%emt 0:01:11]} bxc6 {[%emt 0:00:04]} 6. e5 {[%emt 0:00:34]} Qe7 {[%emt 0:00:27]} 7. Qe2 {[%emt 0:00:33]} Nd5 {[%emt 0:00:05]} 8. c4 {[%emt 0:00:37]} Ba6 {[%emt 0:00:04]} 9. Nd2 {[%emt 0:02:40]} g6 {[%emt 0:02:17]} 10. Nf3 {[%emt 0:03:34]} Qb4+ {[%emt 0:00:44]} 11. Kd1 {[%emt 0:01:18]} Ne7 {[%emt 0:04:10]} 12. Qc2 {[%emt 0:08:54]} Bg7 {[%emt 0:07:44]} 13. Qb3 {[%emt 0:09:28]} Qb6 {[%emt 0:18:57]} 14. Bg5 {[%emt 0:21:01]} c5 {[%emt 0:11:32]} 15. Bd3 {[%emt 0:01:10]} Bb7 {[%emt 0:05:50]} 16. Re1 {[%emt 0:00:31]} Rb8 {[%emt 0:11:38]} 17. Qxb6 {[%emt 0:04:13]} axb6 {[%emt 0:03:08]} 18. Bf6 {[%emt 0:00:54]} Kf8 {[%emt 0:00:24]} 19. Kc2 {[%emt 0:01:43]} Bxf3 {[%emt 0:04:40]} 20. Bxg7+ {[%emt 0:04:09]} Kxg7 {[%emt 0:00:03]} 21. gxf3 {[%emt 0:00:10]} Nc6 {[%emt 0:00:22]} 22. Kc3 {[%emt 0:01:16]} Rhe8 {[%emt 0:03:33]} 23. f4 {[%emt 0:00:12]} f6 {[%emt 0:00:38]} 24. exf6+ {[%emt 0:03:29]} Kxf6 {[%emt 0:00:04]} 25. h4 {[%emt 0:00:22]} Nd4 {[%emt 0:01:52]} 26. h5 {[%emt 0:02:44]} Rxe1 {[%emt 0:02:42]} 27. Rxe1 {[%emt 0:00:08]} Ne6 {[%emt 0:00:02]} 28. hxg6 {[%emt 0:12:44]} hxg6 {[%emt 0:00:08]} 29. Rh1 {[%emt 0:00:13]} Nxf4 {[%emt 0:02:56]} 30. Rh7 {[%emt 0:00:13]} Rd8 {[%emt 0:00:26]} 31. a3 {[%emt 0:00:13]} Ne6 {[%emt 0:01:39]} 32. b4 {[%emt 0:01:21]} d5 {[%emt 0:08:10]} 33. cxd5 {[%emt 0:01:38]} Rxd5 {[%emt 0:00:31]} 34. Bc4 {[%emt 0:03:10]} Rh5 {[%emt 0:00:05]} 35. Rd7 {[%emt 0:00:36]} Rh3+ {[%emt 0:01:46]} 36. Kd2 {[%emt 0:00:52]} Rxa3 {[%emt 0:05:46]} 37. bxc5 {[%emt 0:00:15]} bxc5 {[%emt 0:01:07]} 38. Bxe6 {[%emt 0:01:09]} Kxe6 {[%emt 0:00:03]} 39. Rxc7 {[%emt 0:00:08]} Kd5 {[%emt 0:02:48]} 40. Rd7+ {[%emt 0:00:47]} Ke5 {[%emt 0:00:15]} 41. Rc7 {[%emt 0:00:58]} Kd4 {[%emt 0:01:00]} 42. Rd7+ {[%emt 0:00:02]} Ke4 {[%emt 0:00:12]} 43. Re7+ {[%emt 0:00:31]} Kf3 {[%emt 0:00:35]} 44. Rf7+ {[%emt 0:00:09]} Kg4 {[%emt 0:00:15]} 45. Rc7 {[%emt 0:00:38]} Ra2+ {[%emt 0:00:08]} 46. Ke3 {[%emt 0:00:24]} Rc2 {[%emt 0:00:20]} 47. Rf7 {[%emt 0:01:40]} Rc1 {[%emt 0:01:01]} 48. Kd2 {[%emt 0:00:39]} Rc4 {[%emt 0:00:47]} 49. Ke3 {[%emt 0:00:03]} g5 {[%emt 0:00:37]} 50. f3+ {[%emt 0:01:12]} Kh5 {[%emt 0:00:16]} 51. Rf6 {[%emt 0:00:23]} Rc1 {[%emt 0:00:53]} 52. Kf2 {[%emt 0:02:05]} Rc3 {[%emt 0:01:05]} 53. Rc6 {[%emt 0:00:34]} c4 {[%emt 0:00:44]} 54. Kg3 {[%emt 0:00:09]} Rc2 {[%emt 0:00:35]} 55. Kh3 {[%emt 0:00:09]} Rc1 {[%emt 0:00:21]} 56. Kg3 {[%emt 0:00:29]} c3 {[%emt 0:00:19]} 57. Kh3 {[%emt 0:00:32]} c2 {[%emt 0:00:21]} 58. Kg2 {[%emt 0:00:06]} g4 {[%emt 0:00:15]} 59. fxg4+ {[%emt 0:00:18]} Kxg4 {[%emt 0:00:03]} 60. Rc4+ {[%emt 0:00:14]} Kf5 {[%emt 0:00:07]} 61. Rc5+ {[%emt 0:00:25]} Ke4 {[%emt 0:00:08]} 62. Rc8 {[%emt 0:00:11]} Kd4 {[%emt 0:00:15]} 63. Rd8+ {[%emt 0:00:12]} Ke5 {[%emt 0:00:13]} 64. Re8+ {[%emt 0:00:10]} Kd4 {[%emt 0:00:08]} 65. Rd8+ {[%emt 0:00:14]} 1/2-1/2

[Event "Baltic Zonal III Stage 2018"]
[Site "Liepaja"]
[Date "2018.07.12"]
[Round "5"]
[White "Samolins, Vitalijs"]
[Black "Vicas, Marijus"]
[Result "1-0"]
[WhiteElo "2400"]
[BlackElo "2183"]
[Annotator "NA"]
[PlyCount "101"]
[EventDate "2018.07.09"]
[EventType "swiss"]
[EventCountry "LAT"]
[SourceTitle "playchess.com"]
[Source "ChessBase"]
[SourceQuality "1"]
[TimeControl "5400+30"]

1. e4 {[%emt 0:00:00]} e5 {[%emt 0:00:00]} 2. Nf3 {[%emt 0:00:00]} Nc6 {[%emt 0:00:00]} 3. d4 {[%emt 0:00:02]} exd4 {[%emt 0:00:00]} 4. Nxd4 {[%emt 0:00:07]} Nf6 {[%emt 0:00:03]} 5. Nxc6 {[%emt 0:00:35]} bxc6 {[%emt 0:00:11]} 6. e5 {[%emt 0:00:10]} Qe7 {[%emt 0:00:18]} 7. Qe2 {[%emt 0:00:07]} Nd5 {[%emt 0:00:10]} 8. h4 {[%emt 0:01:52]} f6 {[%emt 0:07:04]} 9. c4 {[%emt 0:00:23]} Ba6 {[%emt 0:00:41]} 10. Rh3 {[%emt 0:00:09]} Qb4+ {[%emt 0:19:35]} 11. Kd1 {[%emt 0:25:30]} O-O-O {[%emt 0:01:42]} 12. Ra3 {[%emt 0:06:36]} Bxc4 {[%emt 0:00:12]} 13. Qxc4 {[%emt 0:00:21]} Qxc4 {[%emt 0:00:04]} 14. Bxc4 {[%emt 0:00:05]} Bxa3 {[%emt 0:00:05]} 15. Nxa3 {[%emt 0:00:32]} fxe5 {[%emt 0:00:08]} 16. g3 {[%emt 0:04:01]} Rhf8 {[%emt 0:01:06]} 17. Ke2 {[%emt 0:00:40]} Kb7 {[%emt 0:02:47]} 18. Bd2 {[%emt 0:13:34]} h6 {[%emt 0:03:12]} 19. Bb3 {[%emt 0:03:38]} Nb6 {[%emt 0:09:44]} 20. Rc1 {[%emt 0:04:56]} d5 {[%emt 0:04:16]} 21. Nb1 {[%emt 0:04:33]} Rf6 {[%emt 0:01:31]} 22. a4 {[%emt 0:04:07]} Rb8 {[%emt 0:03:10]} 23. a5 {[%emt 0:02:20]} Nd7 {[%emt 0:01:51]} 24. Ba4 {[%emt 0:02:10]} Rbf8 {[%emt 0:01:44]} 25. Be1 {[%emt 0:06:03]} e4 {[%emt 0:01:11]} 26. Nd2 {[%emt 0:00:14]} Ne5 {[%emt 0:00:08]} 27. Nb3 {[%emt 0:00:17]} a6 {[%emt 0:27:26]} 28. Rc2 {[%emt 0:05:25]} g5 {[%emt 0:06:31]} 29. hxg5 {[%emt 0:02:09]} hxg5 {[%emt 0:00:01]} 30. Nd4 {[%emt 0:00:20]} R8f7 {[%emt 0:00:42]} 31. b4 {[%emt 0:02:37]} Rh7 {[%emt 0:03:30]} 32. Bd2 {[%emt 0:02:13]} Rh2 {[%emt 0:00:39]} 33. Be3 {[%emt 0:00:20]} Ng4 {[%emt 0:01:23]} 34. Rxc6 {[%emt 0:03:09]} Rf7 {[%emt 0:02:28]} 35. Ne6 {[%emt 0:00:52]} Rfxf2+ {[%emt 0:01:52]} 36. Bxf2 {[%emt 0:00:01]} Rxf2+ {[%emt 0:00:02]} 37. Ke1 {[%emt 0:00:16]} Ra2 {[%emt 0:00:26]} 38. Nc5+ {[%emt 0:02:57]} Kc8 {[%emt 0:01:00]} 39. Bb3 {[%emt 0:00:04]} Rb2 {[%emt 0:02:04]} 40. Bxd5 {[%emt 0:00:13]} Rb1+ {[%emt 0:00:19]} 41. Ke2 {[%emt 0:02:14]} Rb2+ {[%emt 0:00:02]} 42. Kd1 {[%emt 0:00:03]} Ne3+ {[%emt 0:00:29]} 43. Kc1 {[%emt 0:00:05]} Rc2+ {[%emt 0:00:04]} 44. Kb1 {[%emt 0:00:05]} Nxd5 {[%emt 0:00:04]} 45. Rxa6 {[%emt 0:01:31]} Rxc5 {[%emt 0:01:46]} 46. bxc5 {[%emt 0:00:01]} Kb7 {[%emt 0:00:45]} 47. Rg6 {[%emt 0:00:45]} c6 {[%emt 0:00:28]} 48. Rxg5 {[%emt 0:00:34]} Nc3+ {[%emt 0:00:29]} 49. Kc2 {[%emt 0:00:14]} Ne2 {[%emt 0:00:03]} 50. Kd2 {[%emt 0:00:21]} Nd4 {[%emt 0:00:13]} 51. Ke3 {[%emt 0:00:09]} 1-0